Trauma and transcedence (Record no. 994274)

MARC details
000 -LEADER
fixed length control field 00867nam a2200265Ia 4500
003 - CONTROL NUMBER IDENTIFIER
control field OSt
005 - DATE AND TIME OF LATEST TRANSACTION
control field 20221005085453.0
008 - FIXED-LENGTH DATA ELEMENTS--GENERAL INFORMATION
fixed length control field 221004b |||||||| |||| 00| 0 eng d
020 ## - INTERNATIONAL STANDARD BOOK NUMBER
International Standard Book Number 9780823280278 (pbk)
037 ## - SOURCE OF ACQUISITION
Terms of availability Textual
040 ## - CATALOGING SOURCE
Original cataloging agency CRL
Transcribing agency CRL
Language of cataloging eng
041 ## - LANGUAGE CODE
Source of code eng
Language code of text/sound track or separate title eng
100 ## - MAIN ENTRY--PERSONAL NAME
Personal name Boynton Eric Ed.
9 (RLIN) 614231
245 #0 - TITLE STATEMENT
Title Trauma and transcedence
Remainder of title suffering and the limits of theory
260 ## - PUBLICATION, DISTRIBUTION, ETC.
Place of publication, distribution, etc. New York
Name of publisher, distributor, etc. Fordham University press USA
Date of publication, distribution, etc. 2018
300 ## - PHYSICAL DESCRIPTION
Extent 334p.
Dimensions cm.
650 ## - SUBJECT ADDED ENTRY--TOPICAL TERM
Topical term or geographic name entry element PSYCHOANALYSIS
700 ## - ADDED ENTRY--PERSONAL NAME
Personal name Capretto Peter Ed.
9 (RLIN) 614232
942 ## - ADDED ENTRY ELEMENTS (KOHA)
Classification part SM9, Q8
Koha item type Textual
Source of classification or shelving scheme
Holdings
Withdrawn status Lost status Damaged status Not for loan Home library Current library Date acquired Source of acquisition Total Checkouts Full call number Barcode Date due Date last seen Date last checked out Price effective from Koha item type
        Central Library Arts Library 2022-10-05 8565, 08/02/2019, Efficient Book Distributors 1 SM9 Q8 CL1659139 2026-04-16 2026-04-02 2026-04-02 2022-10-05 Textual
Copyright @ Delhi University Library System